000 00951pam a22002534a 4500
001 14122067
005 20250314184924.0
008 050927s2006 at a b 001 0 eng
020 _a9781401880293 (hard cover)
020 _a1401880290 (hard cover)
020 _a9781401880309 (soft cover)
020 _a1401880304 (soft cover)
050 0 0 _aRM721
_b.B42 2006
082 0 0 _a615.8/22
_222
100 1 _aBeck, Mark.
245 1 0 _aTheory & practice of therapeutic massage /
_cMark F. Beck ; photography by Yanik Chauvin.
250 _a4th ed.
260 _aAustralia ;
_aUnited States :
_bThomson Delmar Learning,
_cc2006.
300 _axxix, 967 p. :
_bill. (some col.) ;
_c29 cm.
500 _aRev. ed. of: Milady's theory and practice of therapuetic massage. 3rd ed. 1999.
650 0 _aMassage therapy
_vHandbooks, manuals, etc.
700 1 _aBeck, Mark.
_tMilady's theory and practice of therapuetic massage.
942 _2lcc
_cBK
_e4th ed.
_n0
999 _c4826
_d4826